Ukrainian folk tales (Record no. 6383)

MARC details
000 -LEADER
fixed length control field 00489cam a2200205ua 4500
001 - CONTROL NUMBER
control field 7263
005 - DATE AND TIME OF LATEST TRANSACTION
control field 20260515114158.0
008 - FIXED-LENGTH DATA ELEMENTS--GENERAL INFORMATION
fixed length control field 141205n un |||gr||||Z||||||ben
020 ## - INTERNATIONAL STANDARD BOOK NUMBER
International Standard Book Number 5050017718
040 ## - CATALOGING SOURCE
Transcribing agency MAIN
041 ## - LANGUAGE CODE
Language code of text/sound track or separate title ben
082 ## - DEWEY DECIMAL CLASSIFICATION NUMBER
Classification number 891.443
100 ## - MAIN ENTRY--PERSONAL NAME
Personal name Bhoumik, N.,
Relator term Translator.
245 1# - TITLE STATEMENT
Title Ukrainian folk tales
Statement of responsibility, etc. Translated by Noni Bhoumik
250 ## - EDITION STATEMENT
Edition statement 1st.
260 ## - PUBLICATION, DISTRIBUTION, ETC.
Place of publication, distribution, etc. Moscow:
Name of publisher, distributor, etc. Raduga,
Date of publication, distribution, etc. 1988.
300 ## - PHYSICAL DESCRIPTION
Extent 247p.
653 ## - INDEX TERM--UNCONTROLLED
Uncontrolled term Bengali short shories
942 ## - ADDED ENTRY ELEMENTS (KOHA)
Koha item type Books
Holdings
Withdrawn status Lost status Damaged status Not for loan Home library Current library Shelving location Date acquired Total checkouts Full call number Barcode Date last seen Date last checked out Copy number Price effective from Koha item type
        Naharkatiya College Library Naharkatiya College Library General stacks 09/19/2020 1 8910443 | UKR 12726 12/19/2020 12/18/2020 1 09/19/2020 Books